Test critiques compendium : reviews of major tests from the Test critiques series /

Bibliographic Details
Other Authors: Keyser, Daniel J., 1935-, Sweetland, Richard C., 1931-
Format: Book
Language:English
Published: Kansas City, Mo. : Test Corp. of America, [1987]
Subjects:

MARC

Tag First Indicator Second Indicator Subfields
LEADER 00000cam a2200000 a 4500
001 in00000014153
005 20151007052142.0
008 870612s1987 mou b 00100 eng
010 |a  87010247  
020 |a 093370108X :  |c $49.00 
020 |a 0933701098 (pbk.) :  |c $29.00 
035 |a (OCoLC)16091792 
035 |9 AAA6512AM 
040 |a DLC  |c DLC  |d TXA  |d UtOrBLW 
049 |a TXAF  |c [A11484523] 
050 0 0 |a BF176  |b .T4195 1987 
082 0 |a 150/.28/7  |2 19 
245 0 0 |a Test critiques compendium :  |b reviews of major tests from the Test critiques series /  |c Daniel J. Keyser, Richard C. Sweetland, general editors. 
264 1 |a Kansas City, Mo. :  |b Test Corp. of America,  |c [1987] 
264 4 |c ©1987 
300 |a x, 626 pages ;  |c 24 cm. 
336 |a text  |b txt  |2 rdacontent 
337 |a unmediated  |b n  |2 rdamedia 
338 |a volume  |b nc  |2 rdacarrier 
504 |a Includes bibliographies and indexes. 
650 0 |a Psychological tests  |x Evaluation. 
650 0 |a Educational tests and measurements  |x Evaluation. 
650 0 |a Neuropsychological tests  |x Evaluation. 
700 1 |a Keyser, Daniel J.,  |d 1935- 
700 1 |a Sweetland, Richard C.,  |d 1931- 
730 0 |a Test critiques. 
999 |a MARS 
999 f f |s 5d23b3e9-1dfb-3594-988e-7324358a5cb7  |i c1b1bf3f-fc24-390a-862a-87fed0ab488a  |t 0 
952 f f |p ric  |a Texas A&M University  |b Rellis Campus  |c Joint Library Facility  |d Remote Storage  |t 0  |e BF176 .T4195 1987  |h Library of Congress classification  |i unmediated -- volume  |m A14811484523 
998 f f |a BF176 .T4195 1987  |t 0  |l Remote Storage